Stellung der Frauen in der Arbeitswelt bakalárska práca

Salvato in:
Dettagli Bibliografici
Autore principale: Paľová, Veronika
Ente Autore: Fakulta aplikovaných jazykov EU v Bratislave. Katedra jazykovedy a translatológie
Altri autori: Pospíšilová, Jana, 1950-
Natura: Libro
Lingua:tedesco
Pubblicazione: Bratislava 2019
Tags: Aggiungi Tag
Nessun Tag, puoi essere il primo ad aggiungerne!!

MARC

LEADER 00000nbm a2200000 4500
001 0254683
005 20191106105126.0
041 0 |a ger 
044 |a SK 
245 1 0 |a Stellung der Frauen in der Arbeitswelt  |b bakalárska práca  |c Veronika Paľová ; školiteľ: Jana Pospíšilová 
264 1 |a Bratislava  |c 2019 
300 |a 63 s. 
100 1 |a Paľová, Veronika 
700 1 |a Pospíšilová, Jana, 1950- 
710 2 |a Fakulta aplikovaných jazykov EU v Bratislave. Katedra jazykovedy a translatológie